[Event "Heusenstamm Sparkassen op-B 7th"]
[Site "Heusenstamm"]
[Date "2021.11.21"]
[Round "7.44"]
[White "Gaertner, David"]
[Black "Wolff, Calvin"]
[Result "1/2-1/2"]
[WhiteElo "1185"]
[BlackElo "1425"]
[PlyCount "108"]
[EventDate "2021.11.18"]
[EventType "swiss"]
[EventRounds "7"]
[EventCountry "GER"]
[SourceTitle "EXT 2023"]
[Source "ChessBase"]
[SourceDate "2022.10.05"]
[SourceVersion "1"]
[SourceVersionDate "2022.10.05"]
[SourceQuality "1"]

1. d4 Nf6 2. Bf4 g6 3. c4 Bg7 4. Nf3 0-0 5. Nc3 d5 6. e3 e6 7. Qb3 Nc6 8. Bg5 Na5 9. Qb4 Nxc4 10. Bxc4 dxc4 11. Qxc4 b6 12. Bf4 Ne8 13. Nb5 Nd6 14. Nxd6 cxd6 15. Qc6 Ba6 16. Qxd6 Qxd6 17. Bxd6 Rfc8 18. Kd2 Rc6 19. Bf4 f6 20. h3 e5 21. Bh2 Kf7 22. Rac1 Rac8 23. Rxc6 Rxc6 24. dxe5 fxe5 25. Nxe5+ Bxe5 26. Bxe5 Bb7 27. f3 Rc5 28. Bd4 Rg5 29. Rg1 Bxf3 30. g4 Be4 31. b4 h5 32. Rf1+ Ke8 33. Bf6 Rd5+ 34. Bd4 hxg4 35. hxg4 Ke7 36. Rc1 Rd7 37. Ke2 Ke6 38. a4 Rf7 39. a5 bxa5 40. bxa5 Bf3+ 41. Kd3 Bxg4 42. Rc6+ Kd5 43. Ra6 Bf5+ 44. Kc3 Re7 45. Kb3 Rb7+ 46. Kc3 Rc7+ 47. Kb2 Kc4 48. Rxa7 Rxa7 49. Bxa7 Kb5 50. Bb6 g5 51. Kc3 g4 52. Kd2 g3 53. Ke1 g2 54. Kf2 Be4 1/2-1/2

[Event "Heusenstamm Sparkassen op-B 7th"]
[Site "Heusenstamm"]
[Date "2021.11.20"]
[Round "4.55"]
[White "Deboer, Martin"]
[Black "Gaertner, David"]
[Result "0-1"]
[WhiteElo "763"]
[BlackElo "1185"]
[PlyCount "86"]
[EventDate "2021.11.18"]
[EventType "swiss"]
[EventRounds "7"]
[EventCountry "GER"]
[SourceTitle "EXT 2023"]
[Source "ChessBase"]
[SourceDate "2022.10.05"]
[SourceVersion "1"]
[SourceVersionDate "2022.10.05"]
[SourceQuality "1"]

1. e4 c5 2. c4 d6 3. Nc3 Nf6 4. d3 g6 5. Nf3 Nc6 6. g3 Bg7 7. Bg2 0-0 8. h3 Be6 9. Bf4 Qa5 10. 0-0 a6 11. Qd2 b5 12. b3 Nh5 13. Rac1 Nxf4 14. gxf4 Rfb8 15. Rfe1 Qc7 16. Qe2 Re8 17. e5 Rab8 18. a4 bxc4 19. dxc4 Rxb3 20. Na2 Reb8 21. Red1 dxe5 22. fxe5 Nxe5 23. Nxe5 Qxe5 24. Qxe5 Bxe5 25. Bd5 Bxh3 26. Re1 Bd6 27. Nc3 e6 28. Bg2 Bf5 29. Ne4 Be7 30. Red1 Ra3 31. Rd7 Kf8 32. Nc3 Rbb3 33. Ne4 Bxe4 34. Bxe4 Rb4 35. Bc6 Rbb3 36. Kg2 Rc3 37. Rxc3 Rxc3 38. f3 Rxc4 39. Kg3 Rd4 40. Rc7 Rb4 41. f4 Bf6 42. Kg4 Rb3 43. a5 h5# 0-1